00593 2200229 4500001002100000005001500021035002000036007000300056008004100059020002200100082000800122084001400130100002800144245005200172250001000224260004300234300002900277650001800306700001700324990001100341990001100352INLIS00000000000340020090103022828 a0010-0109000063ta090103 g 0 ind  a978-602-6657-35-0 a530 a530 BRI k0 aBRIGHT, Learning Center1 aKumpulan Rumus Fisika /cBright Learning Center acet.1 aYogyakarta :bSolusi Distribusi,c2017 a99 hlm :bilus. ;c21 cm 4aFISIKA. RUMUS0 aPUPUT, Alvia a6582 a a6582 b